000 00280nam a2200121Ia 4500
005 20260326100035.0
008 260326s9999||||xx |||||||||||||| ||und||
100 _aHuyghe, Rene
245 0 _aEl Arte y el Hombre /
_cRene Huyghe
260 _bLarousse
650 _aARTE
942 _cBK
999 _c6754
_d6754